000 01043njm a22002777a 4500
005 20100901115333.0
006 a|||||r|||||00| 0
007 sd ammalaaahaa
008 100901t xxu||||| |||| 00| 0 eng d
028 _aPSLP 1022
_bHis Master's Voice
035 _aGR-03783
040 _aSED
_cSED
100 _aRuna Laila
_917891
245 _aRuna laila goes disco /
_cby Runa Laila ; music by Nisar Bazmi ; lyrices by Kaseem Usmani
_h[Sound recording]
260 _aDUM DUM, India
_bHis Master's Voice
_c1985
300 _a1 Sound disc [Gramophone Recording] :
_banalog, 33 1/3 rpm
_c12 in. (LP)
_fGramophone Record
500 _aBrief record
500 _aRecord Labels : His Master's Voice,Red
505 _aSide-1 (Don't be silly) --Side-2 (O ho ho jaanan) (Runa Laila)
600 _2Runa Laila
650 _aUrdu Moderan
_xExcerpts
_zIndia
_917892
700 _aNisar Bazmi
_920754
700 _aKaseem Usmani
_919099
942 _2ddc
_cGR
999 _c46932
_d46932